000 00543nam a2200181Ia 4500
008 151018s9999 xx 000 0 und d
082 _bRBASDV57795
_a891.461
100 _aमंगेश पाडगांवकर
245 _aउत्सव
250 _b4
260 _bपुणे प्रकाशन
_c2006
300 _a97
600 _aमंगेश पाडगांवकर
630 _aउत्सव
700 _aमंगेश पाडगांवकर
730 _aउत्सव
942 _cBOOK
999 _c1053060
_d1053057